000 01432nam a2200301 4500
001 123326
003 ES-MaACL
005 20230906192142.0
007 t|
008 070214s1911 fr r ||||1| fre d
245 0 4 _aLes question actuelles de politique étrangère dans l'Amérique du Nord :
_bconférences organisées par la Société des anciens éléves de l'École libre des sciences politiques /
_csous la présidence de MM. Denys Cochin ... [et al.].
260 _aParis :
_bFélix Alcan,
_c1911.
300 _aXVIII, 242 p., 5 mapas ;
_c19 cm.
490 1 _aBibliothèque d'histoire contemporaine
505 8 _aContiene: Le Canada et l'impérialisme britannique . Le canal de Panama . Le Mexique et son développement économique . Les États-Unis et la crise des partis . La doctrine de Monroe et le panaméricanisme
650 4 _aDesarrollo económico-
_zMéxico.
_9172903
650 4 _aMonroe, Doctrina de.
_9149194
650 4 _aPanamericanismo.
_915812
651 4 _aGran Bretaña-
_xColonias-
_zAmérica.
_98748
651 4 _aCanal de Panamá-
_xHistoria.
_97942
651 4 _aMéxico-
_xSituación económica.
_9150095
651 4 _aEstados Unidos-
_xPolítica y gobierno-
_yS.XX.
_9172073
700 1 _aCochin, Denys.
_939396
710 2 _aÉcole libre des sciences politiques (Paris)
_93414
830 1 _aBibliothèque d'histoire contemporaine
_9180875
852 _aES-MaACL
_jG-7434
999 _c123326
_d123326